Návrh na reštaurovanie štukovej a maliarskej výzdoby na strope "ratierskej sály" na I.poschodí Jurkovičovej vily na Lermontovovej ulici č. 23 v Bratislave
Enregistré dans:
| Auteurs principaux: | , , , , |
|---|---|
| Format: | Livre |
| Langue: | slovaque |
| Publié: |
Bratislava :
Krajský pamiatkový úrad,
2007
|
| Tags: |
Pas de tags, Soyez le premier à ajouter un tag!
|
MARC
| LEADER | 00000nam a22000003a 4500 | ||
|---|---|---|---|
| 001 | stu154187 | ||
| 005 | 20150617225945.4 | ||
| 008 | 071214s2007------------------------slo-d | ||
| 040 | |a STU |b slo | ||
| 041 | 0 | |a slo | |
| 100 | 1 | |a Fečo, Ján |4 aut | |
| 245 | 1 | |a Návrh na reštaurovanie štukovej a maliarskej výzdoby na strope "ratierskej sály" na I.poschodí Jurkovičovej vily na Lermontovovej ulici č. 23 v Bratislave | |
| 260 | |a Bratislava : |b Krajský pamiatkový úrad, |c 2007 | ||
| 300 | |a 26 s | ||
| 700 | 1 | |a Kutný, Martin |4 aut | |
| 700 | 1 | |a Hromada, Ján |4 aut | |
| 700 | 1 | |a Botek, Andrej, |d 1957- |4 aut |u A3130 |9 10 |U FAD Fakulta architektúry |T FA Ústav dejín a teórie architektúry a obnovy pamiatok |X 351 |U A3130 |Y 394 |7 A000000351 | |
| 700 | 1 | |a Želinská, Jana |4 aut | |